Language Quiz

Random Language or German Quiz
Score 0/20 Timer 05:00
7 Plays Today
% Correct
English
91.4%
French
87.7%
Arabic
82.6%
German
81.8%
Russian
75.5%
Latin
74.9%
Chinese
69.2%
Norwegian
68.4%
Greek
66%
Japanese
59.8%
% Correct
Swahili
55.9%
Thai
50.2%
Hebrew
49.6%
Croatian
43.7%
Portuguese
43%
Navajo
35.6%
Latvian
33.9%
Indonesian
32.4%
Xhosa
27.4%
Georgian
24.2%
Come Together.
Have Fun.
All Virtual.
We all need to come together. Play Sporcle's virtual live trivia to have fun, connect with people, and get your trivia on. Join a live hosted trivia game for your favorite pub trivia experience done virtually. If a virtual private party is more your thing, go here for details.

You're not logged in!

Compare scores with friends on all Sporcle quizzes.
OR
Log In

Sporcle TV

Today on Sporcle TV


Watch our educational content, quiz creation guides, and fun videos on Sporcle TV.

Show Comments

Extras

Top Quizzes Today


Score Distribution

Paid Content

Your Account Isn't Verified!

In order to create a playlist on Sporcle, you need to verify the email address you used during registration. Go to your Sporcle Settings to finish the process.

Report this User

Report this user for behavior that violates our Community Guidelines.

Details: